[Event "Abadan Arvand 1st"]
[Site "Abadan"]
[Date "2023.10.03"]
[Round "9"]
[White "Khanipour, Abolfazl"]
[Black "Mosadeghpour, Masoud"]
[Result "0-1"]
[WhiteElo "2015"]
[BlackElo "2480"]
[PlyCount "78"]
[EventDate "2023.09.27"]
[EventType "swiss"]
[EventRounds "9"]
[EventCountry "IRI"]
[SourceTitle "EXT 2025"]
[Source "ChessBase"]
[SourceDate "2024.10.14"]
[SourceVersion "1"]
[SourceVersionDate "2024.10.14"]
[SourceQuality "1"]

1. e4 e5 2. Nf3 Nc6 3. Bb5 a6 4. Ba4 Nf6 5. 0-0 Nxe4 6. d4 Be7 7. Re1 b5 8. Bb3 d5 9. dxe5 Be6 10. c3 0-0 11. Nbd2 Nc5 12. Bc2 d4 13. Nxd4 Nxd4 14. cxd4 Qxd4 15. Qe2 Rad8 16. Nf3 Qc4 17. Be3 Nd3 18. Bxd3 Qxd3 19. Qxd3 Rxd3 20. Rec1 Rfd8 21. h3 R8d7 22. Kh2 a5 23. Bc5 Bd8 24. b3 h6 25. Rc2 Bf5 26. Re2 Rc3 27. b4 axb4 28. Bxb4 Rc4 29. Be1 Rd5 30. g4 Be6 31. Rb1 c6 32. a3 Bc7 33. Rb4 Rd3 34. Nd2 Rc2 35. Rbe4 Rxa3 36. f4 Bd5 37. R4e3 Rxe3 38. Rxe3 Ba5 39. Re2 b4 0-1

[Event "IRI-ch U14"]
[Site "Chess.com INT"]
[Date "2021.01.16"]
[Round "11"]
[White "Khanipour, Abolfazl"]
[Black "Ahmadi, Erfan"]
[Result "0-1"]
[WhiteElo "1757"]
[BlackElo "1761"]
[PlyCount "92"]
[EventDate "2021.01.16"]
[EventType "swiss"]
[EventRounds "11"]
[EventCountry "IRI"]
[SourceTitle "EXT 2022"]
[Source "ChessBase"]
[SourceDate "2021.10.06"]
[SourceVersion "1"]
[SourceVersionDate "2021.10.06"]
[SourceQuality "1"]

1. d4 Nf6 2. Nf3 d5 3. g3 e6 4. Bg2 Be7 5. 0-0 Nbd7 6. b3 b6 7. Bb2 Bb7 8. Nbd2 0-0 9. Ne5 c5 10. e3 Rc8 11. c4 Re8 12. f4 Qc7 13. Rc1 Qb8 14. Qe2 Red8 15. g4 Ne4 16. Nxe4 dxe4 17. Nxd7 Rxd7 18. Qc2 Qa8 19. g5 b5 20. Rfd1 bxc4 21. bxc4 cxd4 22. Bxd4 Bf8 23. h4 Bd5 24. Qe2 Rdc7 25. Bf1 Bxc4 26. Qd2 Bxf1 27. Kxf1 Qd5 28. Rxc7 Rxc7 29. Qe2 Rd7 30. Rb1 Rd8 31. h5 Rc8 32. h6 Qf5 33. Kg2 Qg6 34. Kf2 Rd8 35. Rh1 e5 36. Bxe5 Rd3 37. hxg7 Bxg7 38. Bxg7 Qxg7 39. Rc1 Rd8 40. Qc4 Qb2+ 41. Kg3 Qd2 42. Qc3 Qe2 43. Rc2 Qf3+ 44. Kh4 Qh1+ 45. Kg3 Rd3 46. Qc5 Qg1+ 0-1